Países litorâneos com a menor relação Litoral/área - Statistics

Estatísticas Gerais
  • Esse quiz foi jogado 119 vezes
  • A pontuação média é 9 de 20
Estatísticas das Respostas
Posição País Relação Litoral/Área (m/km²) % Correto
1 RD Congo 0,0163
70%
7 República do Congo 0,495
69%
5 Bósnia e Herzegovina 0,391
68%
2 Iraque 0,134
55%
14 Togo 1,030
51%
19 Guiné 1,302
49%
16 Benim 1,094
47%
9 Camarões 0,856
47%
15 Síria 1,065
47%
3 Jordânia 0,283
46%
20 Paquistão 1,343
41%
6 Argélia 0,419
40%
8 Mauritânia 0,732
40%
11 Quênia 0,942
38%
10 Nigéria 0,937
37%
13 Líbia 1,006
36%
12 Roménia 0,977
34%
4 Sudão 0,359
33%
17 Arábia Saudita 1,228
32%
18 Angola 1,283
20%
Nenhum quiz correspondente encontrado
Distribuição das Pontuações
Porcentagem de Pessoas com Cada Pontuação
Percentil de Números Respondidos
Sua Pontuação Histórica
Você não jogou esse quiz